00645 a2200169 4500003000500000005001700005040000900022082000800031100002500039245004200064250001400106260002700120300002700147505023500174538003000409651003600439Nust20170207154430.0 cNust a050 aMaj Gen Athar Abbas, aHilal June-2010cMaj Gen Athar Abbas, a12,Vol 46 aRawalpindibISPRc2010 aUrdu 55 English 43 p.; aFood for Thought (Page-5) Azm-e-Nau Special (Page-9) View Point (Page-17) Scourge of Terrorism (Page-20) Current Affairs (Page-22) Book Corner (Page-24) Valiant Heroes (Page-19) News and Updates (Page-37) Picture Gallery (Page-42) aAlmirah No.137 Shelf No.5 aPakistan Armed Forces, Magazine